Box Office 2023 - Statistiques

Statistiques générales
  • Ce quiz a été pris 51 fois
  • Le résultat moyen est 4 sur 10
Statistiques - réponses
Film % Correct
1 Barbie
92%
3 Oppenheimer
90%
2 Super Mario Bros. le film
36%
9 Mission : Impossible - Dead Reckoning, Partie 1
31%
4 Les Gardiens de la Galaxie Vol. 3
28%
6 Spider-Man : Across the Spider-Verse
26%
5 Fast and Furious X
21%
8 La Petite Sirène
21%
7 Wonka
18%
10 Elémentaire
15%
Aucun quiz correspondant
Distribution des résultats
% des personnes avec chaque résultat
Percentile par nombre de réponses
Votre historique - résultats
Vous n’avez pas pris ce quiz